[Event "Cidreira op"]
[Site "Cidreira"]
[Date "2025.05.04"]
[Round "7"]
[White "Abdalla, Umar Mohammad"]
[Black "Da Silva, Igor Ferreira"]
[Result "0-1"]
[WhiteElo "1611"]
[BlackElo "1826"]
[PlyCount "49"]
[EventDate "2025.05.01"]
[EventType "swiss"]
[EventRounds "7"]
[EventCountry "BRA"]
[SourceTitle "CB19_2025"]
[SourceDate "2025.05.07"]
[SourceVersion "1"]
[SourceVersionDate "2025.05.07"]
[SourceQuality "1"]

1. e4 c5 2. Nf3 Nc6 3. d4 cxd4 4. Nxd4 e5 5. Nf3 Be7 6. Nc3 Nf6 7. Bc4 a6 8. a3 b5 9. Bd3 d6 10. h3 0-0 11. 0-0 h6 12. Re1 Be6 13. Bf1 Rc8 14. Be3 d5 15. exd5 Nxd5 16. Nxd5 Bxd5 17. c3 Qd6 18. Be2 Bd8 19. Qc2 Qe6 20. Qc1 Na5 21. Nd2 Qg6 22. Bf1 Nb3 23. Nxb3 Bxb3 24. f4 e4 25. Re2 0-1

[Event "Cidreira op"]
[Site "Cidreira"]
[Date "2025.05.02"]
[Round "4"]
[White "Souza, Vitor Gabriel Batis"]
[Black "Abdalla, Umar Mohammad"]
[Result "1-0"]
[WhiteElo "1770"]
[BlackElo "1611"]
[PlyCount "91"]
[EventDate "2025.05.01"]
[EventType "swiss"]
[EventRounds "7"]
[EventCountry "BRA"]
[SourceTitle "CB19_2025"]
[SourceDate "2025.05.07"]
[SourceVersion "1"]
[SourceVersionDate "2025.05.07"]
[SourceQuality "1"]

1. e4 e5 2. Nf3 Nc6 3. d4 exd4 4. Bc4 Nf6 5. e5 d5 6. Bb5 Ne4 7. Nxd4 Bd7 8. Bxc6 bxc6 9. 0-0 Bc5 10. f3 Ng5 11. f4 Ne4 12. Be3 0-0 13. Nd2 Nxd2 14. Qxd2 Re8 15. Rae1 Rb8 16. b3 a5 17. Qxa5 Bxd4 18. Bxd4 Ra8 19. Qd2 Rxa2 20. f5 Qh4 21. Rf3 Rxc2 22. Qxc2 Qxd4+ 23. Qf2 Qxf2+ 24. Kxf2 h6 25. g4 Bc8 26. Ra1 Bd7 27. Ra7 Rxe5 28. Re3 Rxe3 29. Kxe3 Kf8 30. Kf4 f6 31. Rxc7 Ke7 32. h4 Kd6 33. Ra7 c5 34. Rb7 d4 35. Rb8 Ke7 36. Rb6 Kd8 37. Rd6 Kc7 38. Rd5 Kc6 39. Ke4 Be8 40. b4 cxb4 41. Kxd4 Bf7 42. Rc5+ Kb6 43. Rc8 b3 44. Rf8 b2 45. Rb8+ Kc7 46. Rxb2 1-0

[Event "Florianopolis op 11th"]
[Site "Florianopolis"]
[Date "2025.01.26"]
[Round "10"]
[White "Kinaki, Giannini Tonial"]
[Black "Abdalla, Umar Mohammad"]
[Result "1-0"]
[WhiteElo "1404"]
[BlackElo "1640"]
[PlyCount "59"]
[EventDate "2025.01.18"]
[EventType "swiss"]
[EventRounds "10"]
[EventCountry "BRA"]
[SourceTitle "CB05_2025"]
[SourceDate "2025.01.29"]
[SourceVersion "1"]
[SourceVersionDate "2025.01.29"]
[SourceQuality "1"]

1. d4 d5 2. c4 e6 3. Nc3 Bb4 4. cxd5 Bxc3+ 5. bxc3 exd5 6. Bf4 Nf6 7. e3 0-0 8. Bd3 Be6 9. Ne2 b6 10. 0-0 c5 11. Bg3 h6 12. Bh4 Nbd7 13. f3 g5 14. Bg3 Nh5 15. Bd6 Re8 16. Ba6 Nf8 17. dxc5 bxc5 18. Bxc5 Qa5 19. Bxf8 Rxf8 20. Bd3 Qd8 21. Nd4 Bd7 22. c4 dxc4 23. Bxc4 Ng7 24. Qc2 Rc8 25. Rac1 Qb6 26. Rb1 Qd8 27. Rb7 a6 28. Qd3 a5 29. Nb3 a4 30. Rxd7 1-0

[Event "Florianopolis op 11th"]
[Site "Florianopolis"]
[Date "2025.01.22"]
[Round "6"]
[White "Abdalla, Umar Mohammad"]
[Black "Kisler Voges, Enzo Henrique"]
[Result "0-1"]
[WhiteElo "1640"]
[BlackElo "1748"]
[PlyCount "76"]
[EventDate "2025.01.18"]
[EventType "swiss"]
[EventRounds "10"]
[EventCountry "BRA"]
[SourceTitle "CB05_2025"]
[SourceDate "2025.01.29"]
[SourceVersion "1"]
[SourceVersionDate "2025.01.29"]
[SourceQuality "1"]

1. e4 c6 2. d4 d5 3. exd5 cxd5 4. Nf3 Bg4 5. Be2 Nc6 6. 0-0 e6 7. h3 Bh5 8. Be3 Bd6 9. c4 Nge7 10. Nc3 Bc7 11. c5 0-0 12. Qd2 f6 13. Qd1 Bf7 14. a3 e5 15. dxe5 fxe5 16. Bg5 d4 17. Ne4 h6 18. Bh4 Qd7 19. Bxe7 Nxe7 20. Nh2 Be6 21. Bd3 g6 22. Qd2 Kg7 23. Qe2 a6 24. Nf3 Nd5 25. Qc2 Bxh3 26. gxh3 Rxf3 27. Ng3 Nf4 28. Nf5+ gxf5 29. Bxf5 Qe7 30. Kh2 d3 31. Qd1 e4 32. Rg1+ Kf6 33. Bg4 Rxf2+ 34. Kh1 Ne2 35. Rg2 Ng3+ 36. Rxg3 Bxg3 37. Qc1 d2 38. Qc3+ Qe5 0-1

[Event "Pan American-ch U2000"]
[Site "Balneario Camboriu"]
[Date "2024.09.29"]
[Round "9"]
[White "Abdalla, Umar Mohammad"]
[Black "Gomes, Marco Tulio Caldeir"]
[Result "1/2-1/2"]
[WhiteElo "1600"]
[BlackElo "1794"]
[PlyCount "61"]
[EventDate "2024.09.24"]
[EventType "swiss"]
[EventRounds "9"]
[EventCountry "BRA"]
[SourceTitle "EXT 2025"]
[Source "ChessBase"]
[SourceDate "2024.10.14"]
[SourceVersion "1"]
[SourceVersionDate "2024.10.14"]
[SourceQuality "1"]

1. e4 c5 2. Nf3 d6 3. Bc4 e6 4. Nc3 a6 5. a4 b6 6. d4 cxd4 7. Nxd4 Nf6 8. Bb3 Be7 9. 0-0 0-0 10. Bg5 Re8 11. Re1 Qc7 12. Qe2 Nc6 13. Nf3 Bb7 14. Rad1 Rad8 15. h3 Nd7 16. Bf4 Nde5 17. Nd4 Bf6 18. Nxc6 Qxc6 19. f3 Bh4 20. Rf1 Bf6 21. Qd2 Rd7 22. Bg3 Red8 23. Kh1 Nc4 24. Bxc4 Qxc4 25. Qd3 Qc6 26. Bf2 Bxc3 27. Qxc3 Qxa4 28. Bxb6 Rc8 29. Qb3 Qxb3 30. cxb3 Rc6 31. Bd4 1/2-1/2

[Event "Pan American-ch U2000"]
[Site "Balneario Camboriu"]
[Date "2024.09.29"]
[Round "8"]
[White "Santana Jr, Luiz Francisco"]
[Black "Abdalla, Umar Mohammad"]
[Result "1-0"]
[WhiteElo "1770"]
[BlackElo "1600"]
[PlyCount "75"]
[EventDate "2024.09.24"]
[EventType "swiss"]
[EventRounds "9"]
[EventCountry "BRA"]
[SourceTitle "EXT 2025"]
[Source "ChessBase"]
[SourceDate "2024.10.14"]
[SourceVersion "1"]
[SourceVersionDate "2024.10.14"]
[SourceQuality "1"]

1. d4 d5 2. c4 e6 3. cxd5 exd5 4. Nc3 Nf6 5. Bg5 Be7 6. e3 0-0 7. Bd3 h6 8. Bh4 Nbd7 9. Qc2 c5 10. dxc5 Nxc5 11. Nge2 Nxd3+ 12. Qxd3 Be6 13. 0-0 Rc8 14. Rfd1 Qb6 15. b3 Rfd8 16. Rac1 a6 17. Bxf6 Bxf6 18. Nxd5 Rxd5 19. Rxc8+ Bd8 20. Qxd5 Bxd5 21. Rxd5 Qf6 22. Rcxd8+ Kh7 23. Rd1 Qb2 24. R8d2 Qa3 25. Rc2 Qb4 26. Rc4 Qa5 27. a4 b5 28. axb5 axb5 29. Rc2 Qb4 30. Nd4 Qd6 31. Rdc1 b4 32. Rc4 f6 33. Ra1 f5 34. Nxf5 Qd2 35. Nd4 Qb2 36. Rac1 Qa3 37. Nc6 Qxb3 38. Nxb4 1-0

[Event "Pan American-ch U2000"]
[Site "Balneario Camboriu"]
[Date "2024.09.24"]
[Round "1"]
[White "Abdalla, Umar Mohammad"]
[Black "Pavoni, Felipe Stevanin"]
[Result "0-1"]
[WhiteElo "1600"]
[BlackElo "1854"]
[PlyCount "38"]
[EventDate "2024.09.24"]
[EventType "swiss"]
[EventRounds "9"]
[EventCountry "BRA"]
[SourceTitle "EXT 2025"]
[Source "ChessBase"]
[SourceDate "2024.10.14"]
[SourceVersion "1"]
[SourceVersionDate "2024.10.14"]
[SourceQuality "1"]

1. e4 c5 2. Nf3 Nc6 3. Nc3 d6 4. h3 Nf6 5. Bb5 Bd7 6. 0-0 a6 7. Bxc6 Bxc6 8. d3 g6 9. b3 Bg7 10. Bb2 0-0 11. Re1 Nh5 12. Qd2 e5 13. Bc1 f5 14. Nd5 Bxd5 15. exd5 e4 16. dxe4 Bxa1 17. exf5 Rxf5 18. Qe3 Qf6 19. Bd2 Be5 0-1

[Event "Florianopolis Winter op 8th"]
[Site "Florianopolis"]
[Date "2024.07.13"]
[Round "8"]
[White "Abdalla, Umar Mohammad"]
[Black "Tischler Lema Garcia, Maria Eduarda"]
[Result "1/2-1/2"]
[WhiteElo "1609"]
[BlackElo "1570"]
[PlyCount "74"]
[EventDate "2024.07.09"]
[EventType "swiss"]
[EventRounds "9"]
[EventCountry "BRA"]
[SourceTitle "CBM 221 Extra"]
[Source "ChessBase"]
[SourceDate "2024.09.30"]
[SourceVersion "1"]
[SourceVersionDate "2024.09.30"]
[SourceQuality "1"]

1. e4 c6 2. d4 d5 3. exd5 cxd5 4. Nf3 Nf6 5. Nc3 Nc6 6. h3 Bf5 7. Bb5 a6 8. Bxc6+ bxc6 9. 0-0 e6 10. Re1 h6 11. Qe2 Bd6 12. Nd1 0-0 13. c4 c5 14. Ne3 Be4 15. dxc5 Bxc5 16. Rd1 Bxf3 17. Qxf3 d4 18. Ng4 Nxg4 19. Qxg4 Qf6 20. Rd3 e5 21. Qe4 Rfe8 22. Bd2 Qg6 23. Qxg6 fxg6 24. f3 Rab8 25. b3 Bb4 26. Bxb4 Rxb4 27. a3 Rb6 28. Rb1 Reb8 29. Kf2 Kf7 30. c5 Rb5 31. c6 Rc5 32. f4 Rxc6 33. fxe5 Rd8 34. Rbd1 Ke6 35. Rxd4 Rxd4 36. Rxd4 Kxe5 37. Rd3 g5 1/2-1/2

[Event "Florianopolis Winter op 8th"]
[Site "Florianopolis"]
[Date "2024.07.11"]
[Round "4"]
[White "Abdalla, Umar Mohammad"]
[Black "Silva, Caio Marques"]
[Result "1/2-1/2"]
[WhiteElo "1609"]
[BlackElo "1815"]
[PlyCount "105"]
[EventDate "2024.07.09"]
[EventType "swiss"]
[EventRounds "9"]
[EventCountry "BRA"]
[SourceTitle "CBM 221 Extra"]
[Source "ChessBase"]
[SourceDate "2024.09.30"]
[SourceVersion "1"]
[SourceVersionDate "2024.09.30"]
[SourceQuality "1"]

1. e4 c5 2. Nf3 Nc6 3. Nc3 d6 4. h3 e5 5. Bc4 Be7 6. d3 Nf6 7. a3 0-0 8. 0-0 Be6 9. Bxe6 fxe6 10. Re1 Rc8 11. Ne2 Nd4 12. Nexd4 cxd4 13. Bd2 Nd7 14. Rf1 d5 15. Re1 Bf6 16. exd5 exd5 17. Bb4 Re8 18. a4 Qb6 19. Qd2 e4 20. dxe4 dxe4 21. a5 Qd8 22. Nxd4 Nb8 23. Bc3 Bg5 24. f4 Bh4 25. Re3 Qd5 26. Qe2 Bf6 27. Nb5 Be7 28. Rd1 Qe6 29. Kh1 Bc5 30. Rg3 g6 31. Rg5 Nd7 32. Rgd5 Nf6 33. Re5 Qc6 34. Qc4+ Kg7 35. Red5 Be7 36. Bxf6+ Bxf6 37. Rd7+ Re7 38. Rxe7+ Bxe7 39. Qd4+ Kf7 40. Nc3 Bf6 41. Qxe4 Bxc3 42. Qxc6 Rxc6 43. bxc3 Ke6 44. Rb1 b6 45. axb6 axb6 46. Rb5 Kf7 47. Kg1 Rxc3 48. Rxb6 Rxc2 49. Kh2 Rc3 50. h4 h5 51. Ra6 Rb3 52. Ra5 Kf6 53. Rg5 1/2-1/2

[Event "Florianopolis op 9th"]
[Site "Florianopolis"]
[Date "2023.01.24"]
[Round "2"]
[White "Bueno, Alfeu Varela Jr"]
[Black "Abdalla, Umar Mohammad"]
[Result "1-0"]
[WhiteElo "2145"]
[BlackElo "1372"]
[PlyCount "22"]
[EventDate "2023.01.23"]
[EventType "swiss"]
[EventRounds "10"]
[EventCountry "BRA"]
[SourceTitle "CBM 212 Extra"]
[Source "ChessBase"]
[SourceDate "2023.03.31"]
[SourceVersion "1"]
[SourceVersionDate "2023.03.31"]
[SourceQuality "1"]

1. e4 e5 2. Nc3 Nf6 3. f4 Nc6 4. fxe5 Nxe5 5. d4 Ng6 6. e5 Ng8 7. Bc4 Bb4 8. Qf3 Qe7 9. Nge2 f6 10. 0-0 c6 11. a3 Bxc3 1-0